000 00393nam a2200169Ia 4500
003 0STCL
008 150530s9999 xx 000 0 und d
040 _aSTCL
_cSTCL
100 _aRamachandra Sukla
245 _aHindi Sahithya ka Ithihas
260 _bNagari Placharini Sabakash
_c1968
300 _a0
546 _aHindi
942 _2ddc
_cBK
999 _c65261
_d65261
005 20220125171301.0